| 000 | 00461nam a22001817a 4500 | ||
|---|---|---|---|
| 005 | 20231012091651.0 | ||
| 008 | 160608b1995 xxu||||| |||| 00| 0 spa d | ||
| 020 | _a9507244344 | ||
| 041 | _aESP | ||
| 082 | _a235.3 M582a | ||
| 100 |
_aMesquita Galvao, Antonio _911250 |
||
| 245 | _aÁngeles ¿existen? | ||
| 260 |
_aArgentina _bLumen _c1995 |
||
| 300 | _a141 páginas | ||
| 650 | _aANGELES | ||
| 650 | _aMENSAJEROS DE DIOS | ||
| 942 |
_cLIT _2ddc |
||
| 999 |
_c8267 _d8267 |
||